| 000 | 00831cam a2200289 4500500 | ||
|---|---|---|---|
| 005 | 20260405002940.0 | ||
| 041 | _afre | ||
| 042 | _adc | ||
| 100 | 1 | 0 |
_aPortevin, Catherine _eauthor |
| 245 | 0 | 0 | _aQuand la Forêt brûle. Penser la nouvelle catastrophe écologique |
| 260 | _c2019. | ||
| 500 | _a32 | ||
| 690 | _aChangement climatique | ||
| 690 | _aClimat | ||
| 690 | _aÉcologie | ||
| 690 | _aÉcologie profonde | ||
| 690 | _aFeu | ||
| 690 | _aforêt | ||
| 690 | _aIncendie | ||
| 690 | _aJoëlle Zask | ||
| 690 | _aLivre | ||
| 690 | _aNature | ||
| 690 | _aPyrocène | ||
| 690 | _aRéchauffement climatique | ||
| 786 | 0 | _nPhilosophie magazine | 132 | 9 | 2019-09-01 | p. 52-53 | 1951-1787 | |
| 856 | 4 | 1 | _uhttps://shs.cairn.info/magazine-philosophie-magazine-2019-9-page-52?lang=fr&redirect-ssocas=7080 |
| 999 |
_c2062833 _d2062833 |
||